000
00190nam a2200085 4500
001
1257638
005
20260217120456.0
245
_a
YURDUMU ÖZLEDİM
_c
GÜLTEN DAYIOĞLU
260
_b
ALTIN KİTAP
999
_c
1257638
_d
1257638